प्रश्न और उत्तर 1929-1931 व धम्मपद पर टीकाएं / (Record no. 29729)

MARC details
000 -LEADER
fixed length control field 01324nam a22002777a 4500
005 - DATE AND TIME OF LATEST TRANSACTION
control field 20090828114825.0
008 - FIXED-LENGTH DATA ELEMENTS--GENERAL INFORMATION
fixed length control field 090828t xxu||||| |||| 00| 0 hin d
010 ## - LCCN (DPL NO)
LC control number HIN-87896
020 ## - INTERNATIONAL STANDARD BOOK NUMBER
International Standard Book Number 9788170588641
Terms of availability 175.00
035 ## - SYSTEM CONTROL NUMBER
System control number HN-60242
037 ## - SOURCE OF ACQUISITION
Source of stock number/acquisition DBAD / PUB
040 ## - CATALOGING SOURCE
Original cataloging agency dpl
Language of cataloging hn
082 ## - DEWEY DECIMAL CLASSIFICATION NUMBER
Classification number 181.499
100 ## - MAIN ENTRY--PERSONAL NAME
Personal name श्रीमाताजी
245 ## - TITLE STATEMENT
Title प्रश्न और उत्तर 1929-1931 व धम्मपद पर टीकाएं /
Statement of responsibility, etc श्रीमाताजी
246 ## - VARYING FORM OF TITLE
Remainder of title by Shreemataji
Title proper/short title Prashna aura uttara
260 ## - PUBLICATION, DISTRIBUTION, ETC. (IMPRINT)
Place of publication, distribution, etc पुदुच्चेरी
Name of publisher, distributor, etc श्रीअरविन्द आश्रम
Date of publication, distribution, etc 2007
270 ## - ADDRESS
Address श्रीअरविन्द आश्रम विभाग
City पुदुच्चेरी
Postal code 605002
300 ## - PHYSICAL DESCRIPTION
Extent 358पृ.
Dimensions 22सेमी (सजिल्द)
600 ## - SUBJECT ADDED ENTRY--PERSONAL NAME
Personal name श्रीमाताजी
600 ## - SUBJECT ADDED ENTRY--PERSONAL NAME
Personal name श्रीमाताजी
650 ## - SUBJECT ADDED ENTRY--TOPICAL TERM
Topical term or geographic name as entry element दर्शन, भारतीय
650 ## - SUBJECT ADDED ENTRY--TOPICAL TERM
Topical term or geographic name as entry element Philosophy, Indic.
942 ## - ADDED ENTRY ELEMENTS (KOHA)
Source of classification or shelving scheme Dewey Decimal Classification
Item type Hindi Books
Call number suffix श्रीमाता
Classification part 181.499
Holdings
Withdrawn status Lost status Source of classification or shelving scheme Damaged status Not for loan Home library Current library Date acquired Source of acquisition Cost, normal purchase price Total Checkouts Full call number Barcode Date last seen Copy number Cost, replacement price Koha item type
    Dewey Decimal Classification   Not For Loan D.B.Act.Division D.B.Act.Division 28/08/2009 DBAD / PUB 175.00   181.499 श्रीमाता HN-60242 28/08/2009 1 175.00 Hindi Books

© Delhi Public Library
Hit Counter
free hit counter